|
|
|
|
| LEADER |
00667 a2200181 4500 |
| 008 |
190319b ||||| |||| 00| 0 mal d |
| 999 |
|
|
|c 117183
|d 117183
|
| 020 |
|
|
|a 9788182718708
|
| 082 |
|
|
|a 297.122594812 SHE/Q
|
| 100 |
|
|
|a Sheikh Muhammed Karakunnu
|
| 245 |
|
|
|a Qur'an Malayala bhasantharam /
|c Sheikh Muhammed Karakunnu and Vanidas Elayavoor
|
| 250 |
|
|
|a 5th ed.
|
| 260 |
|
|
|b Islamic Publishing House,
|c 2017
|a Kozhikode :
|
| 300 |
|
|
|a 787p. ;
|c 19cm.
|
| 546 |
|
|
|a In Malayalam
|
| 650 |
|
|
|a Quran
|
| 942 |
|
|
|2 ddc
|c BK
|
| 952 |
|
|
|0 0
|1 0
|2 ddc
|4 0
|6 297_122594812000000_SHE_Q
|7 0
|9 126378
|a UL
|b UL
|c ST1
|d 2018-01-15
|e 176
|g 315.00
|l 0
|o 297.122594812 SHE/Q
|p 98509
|r 2018-01-15
|v 450.00
|y BK
|